1829 1024 1369 1181 1219 1750 1936 1117 1229 1294 1528 1234 1015 1597 1288 1160 1592 1938 1266 1697 1581 1402 1214 1234 1192 1547 1150 1867 1415 1519 1285 1820 1865 1839 1878 1617 1983 1974 1539 1640 1736 1451 1968 1051 1781 1084 1250 1944 1663 1246 1319 1998 1883 1498 1178 1152 1324 1801 1922 1674 1422 1769 1663 1789 1495 1866 1899 1115 1834 1201 1750 1927 1958 1365 1579 1581 1797 1675 1061 1786 1497 1371 1514 1176 1098 1361 1732 1923 1015 1568 1327 1596 1499 1584 1733 1118 1020 1626 1975 BCNSPRNW ULIB Ver.6.0+V

เปลี่ยนเป็นภาษาไทย

Change to English
 แสดงรายละเอียดบรรณานุกรม
  กลับหน้าหลัก

Brief Record : Get Marc (ISO 2709) : E-mail record : QR code < ปิดหน้าต่าง
LEADER : 00000nam 2200000uu 4500
001    13399114095
003     ULIB
008    120216s2554||||th 000 0 tha d
020    ^a9786165001335
090    ^aนว.^bพ961ค
100 0  ^aแพรณัฐ
245 00 ^aคุณชายรณพีร์/^cแพรณัฐ
250    ^aพิมพ์ครั้งที่ 1
260    ^aกรุงเทพฯ :^bพิมพ์คำ,^c2554
300    ^a350 หน้า
490 0  ^aนวนิยายชุด สุภาพบุรุษจุฑาเทพ
945    ^p240^l0^i18707
995    ^a เกษร
999    ^aใช้งานได้ทุกระบบ
รายการนี้ยังไม่มีแท็ก
คุณยังไม่ได้ล็อกอิน คุณสามารถมีกิจกรรมร่วมกับเว็บไซต์ได้ แต่ต้องล็อกอินก่อน ::
  ล็อกอิน

รายการสื่อสารสนเทศ

ลำดับที่ ประเภท เลขเรียก/บาร์โค้ด สถานที่ สถานะ
1. นวนิยาย
นวนิยาย
นว. พ961ค  
  Barcode: 18707
ห้องสมุดวิทยาเขตสวรรค์ประชารักษ์
►นวนิยาย
บนชั้น
  ขอยืม

รายการใกล้เคียง
    ผู้แต่ง [แพรณัฐ]

BibComment


ยังไม่เคยถูกคอมเมนท์

คอมเมนท์ทรัพยากรรายการนี้
  คอมเมนท์: คุณชายรณพีร์ แพร..


 Copyright 2026. Bcnsprnw @Library